| 000 | 00368nam a22001457a 4500 | ||
|---|---|---|---|
| 003 | OSt | ||
| 005 | 20160509151800.0 | ||
| 008 | 160509b xxu||||| |||| 00| 0 eng d | ||
| 020 | _a0136298419 | ||
| 040 | _cN/A | ||
| 100 | _aJames Rumbaugh at al | ||
| 245 | _aObject -oriented modeling and design | ||
| 260 |
_aNew Jersey _bPrentice hall lnc _c1991 |
||
| 942 |
_2lcc _cBK |
||
| 999 |
_c253374 _d253373 |
||